57 London Bus Route - Statistics

General Stats
  • This quiz has been taken 2 times
  • The average score is 49 of 60
Answer Stats
57 % Correct
Abbey Road
100%
Aldrington Road
100%
Ambleside Avenue
100%
Amen Corner
100%
Atkins Road
100%
Becmead Avenue
100%
Bickley Street
100%
Thrale Road
100%
Colliers Wood Station
100%
Conyers Road
100%
Dahomey Road
100%
Eastbourne Road
100%
Francis Grove
100%
Kingscourt Road
100%
Leigham Court Road
100%
Longley Road
100%
Merton Abbey
100%
Merton Road
100%
Mitcham Lane
100%
Mount Ephraim Road
100%
Nimrod Road
100%
Nutwell Street
100%
Poynders Road
100%
Southcroft Road
100%
South Wimbledon Station
100%
Spencer Hill
100%
Streatham
100%
Streatham Hill
100%
Streatham Hill Station
100%
Streatham Place
100%
Telford Avenue
100%
The Polka Theatre
100%
Tooting
100%
Tooting Broadway
100%
Walpole Road
100%
Wimbledon Bus Station
100%
Wimbledon Station
100%
Wimbledon Theatre
100%
Albert Grove
50%
Albion Road
50%
Arterberry Road
50%
Avenue Road
50%
Cambridge Road
50%
Coombe Hill School
50%
Cottenham Park
50%
Darlaston Road
50%
Durham Road
50%
Fairfield Bus Station
50%
Galsworthy Road
50%
Gordon Road
50%
Holland Avenue
50%
Kingston Hospital
50%
Lower Downs Road
50%
Manor Gate Road
50%
New Victoria Hospital
50%
Norbiton Church
50%
Pepys Road
50%
Queens Road
50%
Raynes Park Station
50%
Traps Lane
50%
No matching quizzes found
Score Distribution
Percent of People with Each Score
Percentile by Number Answered
Your Score History
You have not taken this quiz